Loading...
| Visual Arts | 0 | 5 | 3 | 3 | 35 | 87 | 127.00 | 1 | 2 | 3.64 | 14.85 |
| Fine Arts - Other Arts | 1 | 2 | 1 | 0 | 30 | 66 | 96.67 | 1 | 2 | 7.74 | 16.67 |
| Literature - American | 0 | 3 | 0 | 1 | 30 | 91 | 123.33 | 0 | 2 | 4.11 | 10.63 |
| Philosophy | 0 | 3 | 1 | 1 | 25 | 79 | 105.00 | 0 | 1 | 5.16 | 10.77 |
| Literature - European | 0 | 2 | 0 | 0 | 20 | 136 | 136.50 | 0 | 0 | 0.44 | 5.13 |
| Literature - World | 0 | 2 | 0 | 1 | 20 | 108 | 134.00 | 0 | 1 | 2.58 | 8.33 |
| Social Science | 0 | 2 | 1 | 0 | 15 | 97 | 105.50 | 0 | 0 | 2.15 | 3.19 |
| Literature - British | 0 | 1 | 0 | 1 | 10 | 150 | 150.00 | 0 | 0 | 0.44 | 1.92 |
| History - American | 0 | 1 | 0 | 0 | 10 | 124 | 124.00 | 0 | 0 | 0.36 | 3.21 |
| History - European | 0 | 1 | 0 | 0 | 10 | 122 | 122.00 | 0 | 0 | 0.84 | 5.77 |
| History - Other | 0 | 1 | 0 | 0 | 10 | 106 | 106.00 | 0 | 1 | 3.94 | 13.33 |
| History - World | 0 | 1 | 0 | 0 | 10 | 99 | 99.00 | 0 | 0 | 2.17 | 3.50 |
| Beliefs | 0 | 1 | 2 | 0 | 0 | 89 | 89.00 | 0 | 1 | 1.80 | 4.17 |
| Fine Arts - Classical Music and Opera | 0 | 0 | 0 | 0 | 0 | 0.00 | 0 | 0 | 0.00 | 0.00 | |
| Other Academic | 0 | 0 | 1 | 0 | -5 | 0.00 | 0 | 0 | 0.00 | 0.00 |